| 000 | 01088nam a22002537a 4500 | ||
|---|---|---|---|
| 005 | 20111013114436.0 | ||
| 008 | 111013t xxu||||| |||| 00| 0 eng d | ||
| 010 | _aENG-103969 | ||
| 020 |
_c350.00 _a9789380757667 |
||
| 035 | _aEN-87502 | ||
| 037 | _bDBAD/Author | ||
| 040 |
_aDPL _bEng |
||
| 082 | _a604.2 | ||
| 100 |
_aBabu Senthil Kumar, T. _935491 |
||
| 245 |
_aEngineering graphics for first semester B.E /B.Tech. students (common to all branches) as per the Anna University syllabus / _cby T. Babu Senthil Kumar , R. Venkatesh [and] S. Benjamin Lazarus |
||
| 250 | _aupdated & enl. ed | ||
| 260 |
_aChennai _bSri Maruthi Publishers _c2011 |
||
| 270 |
_aNo. 262 "O" Block, 23rd Street, Agasthier Nagar, Villivakkam _bChennai _e600049 |
||
| 300 |
_avarious pagings : _c24cm (pbk) _bill. |
||
| 700 |
_aVenkatesh, R. _935492 |
||
| 700 |
_aLazarus, S.Benjamin _935493 |
||
| 942 |
_2ddc _cEN _h604.2 _mBAB |
||
| 999 |
_c57590 _d57590 |
||